000 00537nam a2200181Ia 4500
005 20250423094702.0
008 250422s9999 xx 000 0 und d
020 _a9781793635945
050 _aDT 573.5.N6 .C36/
100 _aEdited by Osita Agbu & C. Nnaemeka Okereke
245 0 _aCameroon-Nigeria relations: trends and perspectives
260 _aLanham
260 _bLexington Books
260 _c2022
300 _a361 p
650 _aCameroon--Foreign relations--Nigeria. Nigeria--Foreign relations--Cameroon.
942 _cBK
999 _c27983
_d27983